000
00232nam a2200097Ia 4500
001
812140
005
20250826171554.0
008
250824s9999 xx 000 0 und d
245
0
_a
DENİZ KIZI
_c
PEYAMİ SAFA
260
_b
DAMLA YAYINLARI
999
_c
812140
_d
812140